[Event "FRA T I 120102011"]
[Site "FRA"]
[Date "2010.11.13"]
[Round "2.1"]
[White "Doncea, Vladimir"]
[Black "Lepelletier, Benoit"]
[Result "1/2-1/2"]
[WhiteElo "2405"]
[BlackElo "2422"]
[PlyCount "152"]
[EventDate "2010.10.17"]
[EventType "team-match"]
[EventRounds "9"]
[EventCountry "FRA"]
[Source "FFE"]
[SourceDate "2010.10.29"]
[WhiteTeamCountry "FRA"]
[BlackTeamCountry "FRA"]

1. d4 Nf6 2. c4 e6 3. g3 Bb4+ 4. Bd2 Bxd2+ 5. Qxd2 O-O 6. Bg2 d6 7. Nc3 Nbd7 8.
Nf3 a6 9. O-O Rb8 10. a4 b6 11. e4 Bb7 12. Rfe1 Re8 13. Rad1 Nf8 14. h3 N6d7
15. b4 Qe7 16. Rb1 Red8 17. Rec1 c5 18. bxc5 bxc5 19. d5 Ng6 20. a5 Nde5 21.
Nxe5 Nxe5 22. Na4 exd5 23. exd5 Re8 24. f4 Ng6 25. Re1 Qc7 26. Rb3 Rbd8 27. Nb6
Kf8 28. Be4 Bc8 29. Kg2 f5 30. Bc2 Rxe1 31. Qxe1 Re8 32. Re3 Rxe3 33. Qxe3 Bd7
34. Qb3 Be8 35. Bxf5 Qf7 36. Be6 Qf6 37. Nc8 Qd4 38. Qc2 Ba4 39. Qf5+ Ke8 40.
Nxd6+ Kd8 41. Nf7+ Ke8 42. Nd6+ Kd8 43. Qb1 Qd2+ 44. Kh1 Qb4 45. Nb7+ Ke8 46.
Qxb4 cxb4 47. Bf5 Ne7 48. Bd3 Bd1 49. Kg2 b3 50. Kf2 Bc2 51. Ke2 Nf5 52. Bxc2
bxc2 53. Kd2 Ne3 54. Nc5 Ke7 55. Nxa6 Nxc4+ 56. Kxc2 Kd6 57. Kd3 Nxa5 58. Ke4
Nb3 59. Nb4 Nc5+ 60. Ke3 Nb3 61. Ke4 Nd2+ 62. Kd3 Nb3 63. Kc3 Nc5 64. Kd4 Nb3+
65. Ke4 Nd2+ 66. Kf5 Nf1 67. Kg4 Kc5 68. Nc6 Kxd5 69. Ne5 Ke6 70. h4 Ne3+ 71.
Kf3 Nf5 72. Nc4 Kf6 73. Ne3 Ne7 74. Ke4 Ng6 75. g4 h5 76. g5+ Ke6 1/2-1/2

[Event "FRA T I 120102011"]
[Site "FRA"]
[Date "2010.10.17"]
[Round "1.4"]
[White "Ravot, Sylvain"]
[Black "Brailly Vignal, Bastien"]
[Result "1-0"]
[WhiteElo "2269"]
[BlackElo "2213"]
[PlyCount "135"]
[EventDate "2010.10.17"]
[EventType "team-match"]
[EventRounds "9"]
[EventCountry "FRA"]
[Source "FFE"]
[SourceDate "2010.10.29"]
[WhiteTeamCountry "FRA"]
[BlackTeamCountry "FRA"]

1. d4 Nf6 2. c4 c5 3. d5 b5 4. cxb5 a6 5. bxa6 g6 6. Nc3 Bxa6 7. g3 d6 8. Bg2
Bg7 9. Nf3 O-O 10. Rb1 Nbd7 11. O-O Qa5 12. Qc2 Rfb8 13. b3 Ng4 14. Bb2 c4 15.
h3 cxb3 16. axb3 Rc8 17. Ra1 Qc5 18. hxg4 Bxc3 19. Qxc3 Qxc3 20. Bxc3 Rxc3 21.
Nd4 Rcc8 22. f4 Kf8 23. Kf2 Bb7 24. e4 Ba6 25. Rh1 Kg7 26. Rhc1 Nc5 27. Ke3
Rcb8 28. Ra3 Bc8 29. Rxa8 Rxa8 30. g5 Ra2 31. Bf1 Rb2 32. Bc4 Bg4 33. Rc2 Rb1
34. e5 Bd1 35. Rc3 Rb2 36. Nc6 Rg2 37. Nxe7 Rxg3+ 38. Kd4 dxe5+ 39. fxe5 Rxc3
40. Kxc3 Kf8 41. Nc6 Ne4+ 42. Kd4 Nxg5 43. b4 h5 44. b5 Bg4 45. e6 fxe6 46. b6
e5+ 47. Nxe5 Bc8 48. d6 Bb7 49. Bd5 Ba6 50. b7 Bxb7 51. Bxb7 Ne6+ 52. Kd5 Nf4+
53. Ke4 Ne6 54. Nxg6+ Kg7 55. Bd5 Nc5+ 56. Kf5 Kh6 57. Ne5 Kg7 58. d7 Nxd7 59.
Nxd7 h4 60. Kg4 Kg6 61. Be6 h3 62. Kxh3 Kg5 63. Kg3 Kg6 64. Kg4 Kh6 65. Ne5 Kg7
66. Kg5 Kh7 67. Kf6 Kh8 68. Ng6+ 1-0

[Event "FRA T I 120102011"]
[Site "FRA"]
[Date "2010.11.14"]
[Round "3.3"]
[White "Suarez Real, Alberto"]
[Black "Stojanov, Stanislav"]
[Result "0-1"]
[WhiteElo "2385"]
[BlackElo "2285"]
[PlyCount "136"]
[EventDate "2010.10.17"]
[EventType "team-match"]
[EventRounds "9"]
[EventCountry "FRA"]
[Source "FFE"]
[SourceDate "2010.10.29"]
[WhiteTeamCountry "FRA"]
[BlackTeamCountry "FRA"]

1. e4 Nf6 2. e5 Nd5 3. d4 d6 4. Nf3 dxe5 5. Nxe5 g6 6. g3 Bg7 7. Bg2 O-O 8. O-O
c6 9. Re1 Be6 10. c3 Nd7 11. Nf3 Bg4 12. Nbd2 e5 13. h3 Bxf3 14. Nxf3 exd4 15.
Nxd4 Nc5 16. Nb3 Ne6 17. Bd2 Re8 18. Qc2 Qc7 19. Re2 Rad8 20. Rae1 Qc8 21. Bc1
Nec7 22. Na5 Rxe2 23. Rxe2 Ne6 24. Qb3 Qc7 25. Nc4 Nc5 26. Qc2 Ne6 27. Re1 b6
28. Nd2 Ne7 29. Nf3 Bf6 30. Qe4 Nc5 31. Qf4 Qxf4 32. Bxf4 Nd3 33. Rd1 Nf5 34.
Bg5 Bxg5 35. Nxg5 c5 36. c4 Rd4 37. b3 Nb4 38. Re1 h6 39. Nf3 Rd6 40. Ra1 Kg7
41. a3 Nc2 42. Ra2 Rd1+ 43. Kh2 Nfd4 44. b4 Rb1 45. Nxd4 Nxd4 46. Bd5 a5 47.
bxa5 bxa5 48. Kg2 g5 49. f4 gxf4 50. Rf2 Rb3 51. Rxf4 f5 52. g4 Rxa3 53. gxf5
Kf6 54. Rf2 a4 55. Be4 Re3 56. Bb1 Re2 57. Kf1 Rxf2+ 58. Kxf2 Nxf5 59. Ke2 Nd4+
60. Kd2 Ke5 61. Bg6 a3 62. Kc3 Kf4 63. h4 Ke3 64. h5 Ke2 65. Bd3+ Ke1 66. Be4
Kd1 67. Bh7 Kc1 68. Bg6 a2 0-1

[Event "FRA T I 120102011"]
[Site "FRA"]
[Date "2010.10.17"]
[Round "1.6"]
[White "Gachet, Sebastien"]
[Black "Bensdorp, Marlies"]
[Result "1/2-1/2"]
[WhiteElo "2314"]
[BlackElo "2288"]
[PlyCount "133"]
[EventDate "2010.10.17"]
[EventType "team-match"]
[EventRounds "9"]
[EventCountry "FRA"]
[Source "FFE"]
[SourceDate "2010.10.29"]
[WhiteTeamCountry "FRA"]
[BlackTeamCountry "FRA"]

1. e4 e5 2. Nf3 Nc6 3. Bc4 Bc5 4. O-O Nf6 5. c3 d6 6. d4 Bb6 7. Qd3 O-O 8. Bg5
h6 9. Bh4 Qe7 10. Nbd2 Bg4 11. Rfe1 Rfe8 12. d5 Nb8 13. a4 a5 14. b4 Nbd7 15.
Bb5 Rec8 16. h3 Bxf3 17. Qxf3 g5 18. Bg3 Nf8 19. Nc4 Ng6 20. Nxb6 cxb6 21. Qe3
Nh5 22. Rac1 Qd8 23. Bh2 Nhf4 24. g3 Nxh3+ 25. Kg2 g4 26. Qxh6 Ng5 27. Qh5 axb4
28. Qxg4 Rxc3 29. Rxc3 bxc3 30. f4 Nh7 31. f5 Qc8 32. Rc1 Nf6 33. Qf3 Nf8 34.
Rxc3 Qd8 35. Bg1 N8h7 36. Be3 Rc8 37. Bxb6 Rxc3 38. Bxd8 Rxf3 39. Kxf3 Ng5+ 40.
Ke3 Ng4+ 41. Ke2 Nxe4 42. Bd3 Nef6 43. Be7 Ne8 44. Kf3 Ngf6 45. Bc4 Kg7 46. g4
Ng8 47. Bd8 f6 48. Bb5 Kf8 49. Bd7 Ne7 50. Ke4 Kf7 51. a5 Kf8 52. Bb6 Kf7 53.
Kd3 Kf8 54. Kc4 Kf7 55. Be6+ Kf8 56. Ba7 Nc7 57. Bb8 Nxe6 58. fxe6 Nc8 59. Kd3
Ke8 60. Ke4 Kd8 61. Kf5 Ke7 62. Ke4 Kd8 63. Kd3 Ke8 64. Kc4 Kd8 65. Kb5 Ke8 66.
Bc7 Ke7 67. Bb8 1/2-1/2

[Event "FRA T I 120102011"]
[Site "FRA"]
[Date "2010.10.17"]
[Round "1.7"]
[White "Van Hoolandt, Patrick"]
[Black "Boursier, Julien"]
[Result "1-0"]
[WhiteElo "2151"]
[BlackElo "2082"]
[PlyCount "129"]
[EventDate "2010.10.17"]
[EventType "team-match"]
[EventRounds "9"]
[EventCountry "FRA"]
[Source "FFE"]
[SourceDate "2010.10.29"]
[WhiteTeamCountry "FRA"]
[BlackTeamCountry "FRA"]

1. d4 d5 2. c4 dxc4 3. e4 Nf6 4. e5 Nd5 5. Bxc4 Nb6 6. Bd3 e6 7. Nf3 Be7 8. Nc3
Nc6 9. a3 a5 10. O-O O-O 11. Bc2 f5 12. exf6 Bxf6 13. Qd3 g6 14. Bh6 Bg7 15.
Bxg7 Kxg7 16. Rae1 Nd5 17. Nxd5 exd5 18. Bb3 Rf4 19. Qe3 Re4 20. Qc3 Bf5 21.
Rxe4 Bxe4 22. Ne5 Nxe5 23. dxe5 d4 24. Qc4 Qd7 25. e6 Qd6 26. Re1 Bc6 27. e7
Qf6 28. Re6 Qf4 29. g3 Qg4 30. Rxc6 bxc6 31. Qf7+ Kh6 32. Qf8+ Rxf8 33. exf8=Q+
Kh5 34. Qc5+ Kh6 35. Qf8+ Kh5 36. Qe7 d3 37. Qxh7+ Kg5 38. h4+ Kf6 39. Qh8+ Ke7
40. Qe5+ Kd7 41. Qe3 Qe2 42. Kg2 c5 43. Bc4 Qxb2 44. Qxd3+ Kc6 45. Qxg6+ Kb7
46. Qa6+ Kb8 47. Qb5+ Qxb5 48. Bxb5 Kb7 49. h5 Kb6 50. Bc4 a4 51. h6 c6 52. h7
Kb7 53. g4 Kb6 54. g5 Ka5 55. g6 Kb6 56. f4 Ka5 57. f5 Kb6 58. f6 Ka5 59. f7
Kb6 60. g7 Ka5 61. h8=N Kb6 62. f8=B Ka5 63. g8=Q Kb6 64. Qh7 Ka5 65. Qc7# 1-0

[Event "FRA T I 120102011"]
[Site "FRA"]
[Date "2010.10.17"]
[Round "1.1"]
[White "Libiszewski, Fabien"]
[Black "Midoux, Sebastien"]
[Result "1/2-1/2"]
[WhiteElo "2498"]
[BlackElo "2310"]
[PlyCount "128"]
[EventDate "2010.10.17"]
[EventType "team-match"]
[EventRounds "9"]
[EventCountry "FRA"]
[Source "FFE"]
[SourceDate "2010.10.29"]
[WhiteTeamCountry "FRA"]
[BlackTeamCountry "FRA"]

1. e4 e5 2. Nf3 Nc6 3. Nc3 Nf6 4. Bb5 Bb4 5. O-O O-O 6. d3 d6 7. Bg5 Bxc3 8.
bxc3 Qe7 9. Re1 Nd8 10. d4 c5 11. Bxf6 Qxf6 12. dxe5 dxe5 13. Qd5 a6 14. Bf1
Nc6 15. Qxc5 Bg4 16. Nd2 Rac8 17. Qb6 Nd8 18. Qe3 Be6 19. Reb1 Qe7 20. Rb6 Qa3
21. c4 Qxe3 22. fxe3 Rc7 23. Rab1 Bc8 24. Rd6 Ne6 25. Nb3 Re8 26. Rbd1 Kf8 27.
R1d5 f6 28. Bd3 Ke7 29. Rb6 Bd7 30. c5 Nd8 31. Na5 Be6 32. Rxd8 Rxd8 33. Nxb7
Rdc8 34. a4 a5 35. Bb5 Rxc5 36. Nxc5 Rxc5 37. Rb7+ Kf8 38. Bd3 Bc4 39. Ra7 Bxd3
40. cxd3 Rc3 41. Rxa5 Rxd3 42. Kf2 Rd2+ 43. Kf3 Ra2 44. Ra8+ Kf7 45. a5 Kg6 46.
a6 Kf7 47. h3 h5 48. a7 Kg6 49. Kg3 Kg5 50. h4+ Kg6 51. Kh2 Ra1 52. Kh3 Ra4 53.
Kg3 Ra2 54. Kf3 Ra4 55. g4 hxg4+ 56. Kg3 Ra1 57. h5+ Kg5 58. h6 Kg6 59. Kxg4
Rg1+ 60. Kf3 Ra1 61. Ke2 Ra3 62. Kd2 Kh7 63. hxg7 Kxg7 64. Kc2 Ra6 1/2-1/2

[Event "FRA T I 120102011"]
[Site "FRA"]
[Date "2010.11.14"]
[Round "3.4"]
[White "Brailly Vignal, Bastien"]
[Black "Delabaca, Romuald"]
[Result "0-1"]
[WhiteElo "2207"]
[BlackElo "2232"]
[PlyCount "126"]
[EventDate "2010.10.17"]
[EventType "team-match"]
[EventRounds "9"]
[EventCountry "FRA"]
[Source "FFE"]
[SourceDate "2010.10.29"]
[WhiteTeamCountry "FRA"]
[BlackTeamCountry "FRA"]

1. d4 d5 2. c4 e6 3. Nc3 c6 4. e3 Nf6 5. Nf3 Nbd7 6. Bd3 dxc4 7. Bxc4 b5 8. Bd3
a6 9. O-O c5 10. Qe2 Bb7 11. Rd1 Qb8 12. h3 Be7 13. Ng5 h6 14. Nge4 O-O 15. a3
Rc8 16. Bc2 Qc7 17. dxc5 Nxe4 18. Nxe4 Nxc5 19. Nc3 Bf6 20. Bd2 Na4 21. Qd3
Nxc3 22. Bxc3 Bxc3 23. Qh7+ Kf8 24. bxc3 Qxc3 25. Rd7 Qxa1+ 26. Kh2 Ke8 27.
Rxb7 Qxa3 28. Bg6 Qd6+ 29. f4 Rc7 30. Rxc7 Qxc7 31. Qg8+ Ke7 32. Qxa8 fxg6 33.
Qxa6 Qb8 34. Qa1 Kf7 35. Kg1 Qb6 36. Kf2 Qc5 37. Qb2 g5 38. g3 gxf4 39. gxf4 b4
40. Ke2 Qh5+ 41. Kf2 Qc5 42. Ke2 Qc4+ 43. Kd2 Qd5+ 44. Ke1 Qh1+ 45. Kd2 Qg2+
46. Kc1 Qg1+ 47. Kc2 Qf2+ 48. Kb1 Qxe3 49. Qxb4 Qxh3 50. Kc2 h5 51. Kd2 Qg2+
52. Ke3 h4 53. Qa5 Qg3+ 54. Ke4 Qg4 55. Ke3 h3 56. Qe5 Qg1+ 57. Kd2 h2 58. f5
Qg5+ 59. Ke2 exf5 60. Qd5+ Kg6 61. Qc6+ Kh7 62. Qh1 Qg4+ 63. Kd2 Qd4+ 0-1

[Event "FRA T I 120102011"]
[Site "FRA"]
[Date "2010.11.13"]
[Round "2.1"]
[White "Janev, Evgeni"]
[Black "Nanu, Ciprian Costica"]
[Result "1/2-1/2"]
[WhiteElo "2494"]
[BlackElo "2521"]
[PlyCount "122"]
[EventDate "2010.10.17"]
[EventType "team-match"]
[EventRounds "9"]
[EventCountry "FRA"]
[Source "FFE"]
[SourceDate "2010.10.29"]
[WhiteTeamCountry "FRA"]
[BlackTeamCountry "FRA"]

1. e4 c6 2. d4 d5 3. exd5 cxd5 4. c4 Nf6 5. Nc3 e6 6. Nf3 Bb4 7. Bd3 dxc4 8.
Bxc4 Bxc3+ 9. bxc3 Qc7 10. Qd3 O-O 11. O-O Nbd7 12. Re1 b6 13. Bb3 Bb7 14. Ne5
Rac8 15. Bd2 Rfe8 16. Rac1 Nxe5 17. Rxe5 Nd7 18. Rg5 Red8 19. Qe3 Re8 20. h4
Nf8 21. Rg3 f6 22. h5 b5 23. Qe2 Qd7 24. Qg4 Bd5 25. Qh4 Qd8 26. Re1 Bxb3 27.
axb3 Rc7 28. c4 Rf7 29. Bb4 Qc8 30. Rc1 Qb7 31. Bd6 Rc8 32. Qf4 Nd7 33. Re3 Re8
34. d5 e5 35. Qf5 Nb6 36. Ba3 Qa6 37. Bc5 Qc8 38. Qxc8 Rxc8 39. Bxb6 axb6 40.
Re4 Rd7 41. Ra1 Rc5 42. Ra8+ Kf7 43. Rb8 bxc4 44. bxc4 b5 45. cxb5 Rcxd5 46. b6
Rb5 47. Rc4 Ke6 48. Rc7 h6 49. Kh2 f5 50. Rbb7 Rxc7 51. bxc7 Rc5 52. c8=Q+ Rxc8
53. Rxg7 Rf8 54. Rh7 Rf6 55. Kg3 f4+ 56. Kg4 e4 57. Rh8 Ke5 58. Re8+ Kd4 59.
Rd8+ Ke5 60. Re8+ Kd4 61. Rd8+ Ke5 1/2-1/2

[Event "FRA T I 120102011"]
[Site "FRA"]
[Date "2010.11.14"]
[Round "3.4"]
[White "Duquesnoy, Jean Philippe"]
[Black "Bressac, Stephane"]
[Result "0-1"]
[WhiteElo "2184"]
[BlackElo "2207"]
[PlyCount "120"]
[EventDate "2010.10.17"]
[EventType "team-match"]
[EventRounds "9"]
[EventCountry "FRA"]
[Source "FFE"]
[SourceDate "2010.10.29"]
[WhiteTeamCountry "FRA"]
[BlackTeamCountry "FRA"]

1. d4 d5 2. c4 c6 3. Nf3 Nf6 4. Qc2 dxc4 5. Qxc4 Bf5 6. g3 e6 7. Bg2 Nbd7 8.
Nc3 Be7 9. O-O O-O 10. Re1 Ne4 11. Qb3 Qb6 12. Nh4 Bxh4 13. Qxb6 Nxb6 14. gxh4
Nxc3 15. bxc3 Na4 16. Bd2 Rac8 17. e4 Bg4 18. Rab1 b5 19. Re3 Rfd8 20. Rg3 Be2
21. Bg5 Rd7 22. Bf6 g6 23. f4 c5 24. d5 Bc4 25. h5 Re8 26. Bh3 Rd6 27. Be5 Ra6
28. hxg6 hxg6 29. dxe6 Bxe6 30. Bxe6 Raxe6 31. Rxb5 f6 32. Bb8 Rxe4 33. Rb7
R8e7 34. Rxg6+ Kf7 35. Rxe7+ Rxe7 36. f5 Rb7 37. Rh6 Rxb8 38. Rh7+ Kg8 39. Rxa7
Nxc3 40. Rc7 Na4 41. Kg2 Rb2+ 42. Kg3 Rxa2 43. h4 Rd2 44. Kg4 Rg2+ 45. Kh5 Rg7
46. Rc8+ Kh7 47. Rxc5 Nb6 48. Rb5 Nc4 49. Rb6 Rf7 50. Re6 Kg7 51. Kg4 Rd7 52.
Ra6 Ne5+ 53. Kh5 Nf7 54. Ra1 Rd5 55. Rf1 Nd6 56. Kg4 Kh6 57. Rf4 Re5 58. Rf1
Re4+ 59. Kg3 Kh5 60. Rd1 Nxf5+ 0-1

[Event "FRA T I 120102011"]
[Site "FRA"]
[Date "2010.10.17"]
[Round "1.5"]
[White "Hamdouchi, Adina Maria"]
[Black "Milesi, Laurent"]
[Result "1/2-1/2"]
[WhiteElo "2321"]
[BlackElo "2155"]
[PlyCount "119"]
[EventDate "2010.10.17"]
[EventType "team-match"]
[EventRounds "9"]
[EventCountry "FRA"]
[Source "FFE"]
[SourceDate "2010.10.29"]
[WhiteTeamCountry "FRA"]
[BlackTeamCountry "FRA"]

1. Nf3 b6 2. g3 Bb7 3. Bg2 e6 4. d3 f5 5. Nbd2 Nf6 6. e4 fxe4 7. Ng5 Be7 8.
Ngxe4 Nc6 9. h4 O-O 10. Nxf6+ Bxf6 11. Ne4 d5 12. Nxf6+ Qxf6 13. O-O Nd4 14. c3
Nf3+ 15. Bxf3 Qxf3 16. Qxf3 Rxf3 17. d4 Raf8 18. Bf4 R8xf4 19. gxf4 Rxf4 20.
Rfe1 Rg4+ 21. Kh2 Rxh4+ 22. Kg3 Rh6 23. f3 Ba6 24. Re3 Rg6+ 25. Kf2 Rh6 26. a4
Bc8 27. a5 b5 28. Re2 Bd7 29. Rae1 Kf7 30. b3 Bc6 31. Re5 a6 32. Kg3 Rg6+ 33.
Kf2 Rh6 34. Rg1 Rh2+ 35. Rg2 Rh1 36. Re1 Rh4 37. Kg3 Rh6 38. Rge2 Rg6+ 39. Kf4
Rf6+ 40. Kg3 Rg6+ 41. Kf2 Rf6 42. Re5 Rh6 43. Ke3 Rh2 44. Kd3 Bd7 45. c4 bxc4+
46. bxc4 dxc4+ 47. Kxc4 Kf6 48. Rc5 Rf2 49. Re3 Rc2+ 50. Kb4 Rd2 51. Kc3 Rd1
52. Rd3 Rf1 53. Kb3 h5 54. Rxh5 Bc6 55. Rh8 Ke7 56. Rc3 Kd7 57. Rf8 g5 58. Rg8
Rd1 59. Rg7+ Kd6 60. Rxg5 {suite illisible} 1/2-1/2

[Event "FRA T I 120102011"]
[Site "FRA"]
[Date "2010.11.13"]
[Round "2.5"]
[White "Brailly Vignal, Bastien"]
[Black "Karim, Ismael"]
[Result "1/2-1/2"]
[WhiteElo "2207"]
[BlackElo "2363"]
[PlyCount "113"]
[EventDate "2010.10.17"]
[EventType "team-match"]
[EventRounds "9"]
[EventCountry "FRA"]
[Source "FFE"]
[SourceDate "2010.10.29"]
[WhiteTeamCountry "FRA"]
[BlackTeamCountry "FRA"]

1. d4 d6 2. Nf3 g6 3. c4 Nf6 4. Nc3 Bg7 5. g3 O-O 6. Bg2 Nbd7 7. O-O e5 8. d5
a5 9. Ne1 Nh5 10. e4 Nc5 11. Be3 Bd7 12. Rc1 Nf6 13. h3 b6 14. Qd2 Re8 15. Kh2
c6 16. dxc6 Bxc6 17. f3 Qb8 18. Nc2 Ne6 19. Rfd1 Qb7 20. Qf2 Bf8 21. Na3 Nc5
22. Kg1 h6 23. Nab5 Rad8 24. Rc2 Rd7 25. Rcd2 Qb8 26. Kh1 Kh7 27. Kg1 Be7 28.
Kh1 Rg8 29. Na3 Qd8 30. Nc2 Qf8 31. Bxc5 bxc5 32. Ne3 Qb8 33. Ned5 Qd8 34. f4
exf4 35. Qxf4 Nxd5 36. exd5 Bg5 37. dxc6 Bxf4 38. gxf4 Re7 39. Rxd6 Re1+ 40.
Kh2 Qh4 41. Rxe1 Qxf4+ 42. Kh1 Qxd6 43. Rd1 Qe5 44. Rd7 Kg7 45. Bd5 Qe1+ 46.
Kg2 Qd2+ 47. Kf3 Qd3+ 48. Kg2 Qd2+ 49. Kf3 Re8 50. Rxf7+ Kh8 51. Ne4 Qd3+ 52.
Kf2 Rxe4 53. Rf8+ Kg7 54. Rf7+ Kh8 55. Rf8+ Kg7 56. Rf7+ Kh8 57. Rf8+ 1/2-1/2

[Event "FRA T I 120102011"]
[Site "FRA"]
[Date "2010.11.14"]
[Round "3.6"]
[White "Cavillon, Fabien"]
[Black "Lamard, Guillaume"]
[Result "1-0"]
[WhiteElo "2140"]
[BlackElo "2152"]
[PlyCount "111"]
[EventDate "2010.10.17"]
[EventType "team-match"]
[EventRounds "9"]
[EventCountry "FRA"]
[Source "FFE"]
[SourceDate "2010.10.29"]
[WhiteTeamCountry "FRA"]
[BlackTeamCountry "FRA"]

1. e4 e5 2. Nf3 Nc6 3. Bb5 a6 4. Bxc6 dxc6 5. O-O Bd6 6. d4 exd4 7. Qxd4 f6 8.
Be3 Ne7 9. Nbd2 Be6 10. Rad1 Ng6 11. Nc4 Bf4 12. Qc3 Qe7 13. Nd4 O-O 14. Rfe1
Bxe3 15. Nxe3 Bf7 16. Nef5 Qe5 17. Qg3 c5 18. f4 Qe8 19. Nf3 Rd8 20. Rxd8 Qxd8
21. h4 Be6 22. Nxg7 Kxg7 23. h5 Qd6 24. hxg6 hxg6 25. c3 b5 26. Nh4 g5 27. e5
Qe7 28. exf6+ Qxf6 29. fxg5 Qf4 30. Qxf4 Rxf4 31. g3 Rg4 32. Rxe6 Rxg3+ 33. Kf2
Rxg5 34. Re7+ Kf8 35. Rxc7 Rg4 36. Nf3 Ra4 37. a3 b4 38. Rxc5 bxa3 39. bxa3
Rxa3 40. Ke3 a5 41. Kd4 a4 42. Ra5 Ra1 43. Kc4 a3 44. Kb3 Rb1+ 45. Kxa3 Ke7 46.
Rd5 Ke6 47. c4 Ke7 48. Nd4 Rb7 49. Nb5 Ke6 50. Kb4 Rb6 51. Rd6+ Rxd6 52. Nxd6
Kxd6 53. Kb5 Kd7 54. Kb6 Kc8 55. Kc6 Kb8 56. Kd7 1-0

[Event "FRA T I 120102011"]
[Site "FRA"]
[Date "2010.11.13"]
[Round "2.3"]
[White "Lerch, Patrice"]
[Black "Abello, Sebastien"]
[Result "1/2-1/2"]
[WhiteElo "2369"]
[BlackElo "2307"]
[PlyCount "106"]
[EventDate "2010.10.17"]
[EventType "team-match"]
[EventRounds "9"]
[EventCountry "FRA"]
[Source "FFE"]
[SourceDate "2010.10.29"]
[WhiteTeamCountry "FRA"]
[BlackTeamCountry "FRA"]

1. e4 e6 2. Nf3 d5 3. e5 c5 4. b4 d4 5. bxc5 Bxc5 6. Ba3 Qa5 7. Qe2 Bd7 8. Bxc5
Qxc5 9. Qc4 Qxc4 10. Bxc4 Nc6 11. Kd1 Nge7 12. Re1 Rd8 13. d3 Na5 14. Nbd2 Bc6
15. Rb1 a6 16. Rb4 b5 17. Bxe6 Bxf3+ 18. Nxf3 fxe6 19. Rxd4 Rxd4 20. Nxd4 Kd7
21. Re3 Rf8 22. Ke2 Nf5 23. Re4 Nc6 24. Nb3 a5 25. a4 bxa4 26. Nc5+ Ke7 27. c3
a3 28. Ra4 Rb8 29. Rxa3 Rb2+ 30. Kf1 Rb5 31. Nb3 Rxe5 32. g4 Nd6 33. c4 Nb7 34.
Nd2 Rg5 35. h3 Nc5 36. Nf3 Rg6 37. d4 Nb7 38. Rb3 Nbd8 39. g5 h6 40. h4 hxg5
41. hxg5 Kd6 42. Rb6 Kc7 43. c5 a4 44. Ke2 a3 45. Kd2 a2 46. Ra6 Nb4 47. Ra7+
Kb8 48. Ra4 Ndc6 49. Kc3 Kc7 50. Kc4 Kc8 51. Ra8+ Kb7 52. Ra3 Kc7 53. Ra4 Kc8
1/2-1/2

[Event "FRA T I 120102011"]
[Site "FRA"]
[Date "2010.11.14"]
[Round "3.5"]
[White "Karim, Ismael"]
[Black "Ravot, Sylvain"]
[Result "1-0"]
[WhiteElo "2363"]
[BlackElo "2275"]
[PlyCount "103"]
[EventDate "2010.10.17"]
[EventType "team-match"]
[EventRounds "9"]
[EventCountry "FRA"]
[Source "FFE"]
[SourceDate "2010.10.29"]
[WhiteTeamCountry "FRA"]
[BlackTeamCountry "FRA"]

1. e4 c5 2. Nf3 g6 3. c3 Bg7 4. d4 cxd4 5. cxd4 d5 6. e5 Nc6 7. Bb5 Nh6 8. O-O
Bg4 9. Nbd2 Qb6 10. Qa4 Rc8 11. h3 Bd7 12. Nb3 a6 13. Bxc6 Bxc6 14. Qa3 Bb5 15.
Re1 e6 16. Bd2 Bf8 17. Bb4 Rc4 18. Bxf8 Rxf8 19. Nbd2 Rc8 20. Rac1 Kd7 21. Rc5
Nf5 22. Qb4 Nxd4 23. Rxc8 Nxf3+ 24. Nxf3 Rxc8 25. a4 Rc4 26. Qf8 Bxa4 27. Qxf7+
Kc8 28. Qg8+ Kc7 29. b3 Bxb3 30. Ng5 Rc6 31. Nf7 Rc2 32. Re3 Bc4 33. Nd6 Qc6
34. Rf3 Rb2 35. Rf7+ Kb6 36. Qd8+ Kc5 37. Rc7 Qxc7 38. Qxc7+ Kd4 39. Nxb7 Re2
40. Nd8 Kc3 41. Qa5+ Kb2 42. Nc6 Re4 43. Qd2+ Kb1 44. Nd4 a5 45. f3 Rxe5 46.
Qc2+ Ka1 47. Qa4+ Kb1 48. Kf2 Kb2 49. Qxa5 h5 50. Qb4+ Ka2 51. Qd2+ Ka3 52. Qf4
1-0

[Event "FRA T I 120102011"]
[Site "FRA"]
[Date "2010.10.17"]
[Round "1.4"]
[White "Bressac, Stephane"]
[Black "Nelis, Jean Francois"]
[Result "1/2-1/2"]
[WhiteElo "2194"]
[BlackElo "2238"]
[PlyCount "100"]
[EventDate "2010.10.17"]
[EventType "team-match"]
[EventRounds "9"]
[EventCountry "FRA"]
[Source "FFE"]
[SourceDate "2010.10.29"]
[WhiteTeamCountry "FRA"]
[BlackTeamCountry "FRA"]

1. d4 Nf6 2. Nc3 d5 3. Bg5 Nbd7 4. Qd3 e6 5. e4 dxe4 6. Nxe4 Be7 7. Bxf6 Nxf6
8. Nxf6+ Bxf6 9. O-O-O O-O 10. h4 c5 11. dxc5 Qa5 12. Qc4 e5 13. a3 Be6 14. Qb4
Qxb4 15. axb4 a5 16. bxa5 Rxa5 17. Bd3 Rd8 18. f3 e4 19. fxe4 Ra1+ 20. Kd2
Rxd1+ 21. Kxd1 Bxb2 22. Ne2 Ba3 23. Nf4 Bd7 24. Nd5 Bxc5 25. Kd2 Bc6 26. c4 h5
27. Be2 Ra8 28. Rc1 g6 29. g4 hxg4 30. Bxg4 Ra3 31. Rc3 Ra2+ 32. Rc2 Ra1 33.
Rc1 Ra3 34. Rc3 Ra4 35. Kd3 Ra1 36. h5 Kg7 37. hxg6 fxg6 38. e5 Rg1 39. Bh3 g5
40. Bf5 Rf1 41. Be4 Kf7 42. Rc2 Rd1+ 43. Ke2 Rg1 44. Kf3 Ke6 45. Nc7+ Kxe5 46.
Bxc6 bxc6 47. Re2+ Kf5 48. Re6 Rc1 49. Rxc6 Rxc4 50. Nd5 g4+ 1/2-1/2

[Event "FRA T I 120102011"]
[Site "FRA"]
[Date "2010.10.17"]
[Round "1.6"]
[White "Cherki, Thomas"]
[Black "Robert, Bastien"]
[Result "1/2-1/2"]
[WhiteElo "2117"]
[BlackElo "2058"]
[PlyCount "99"]
[EventDate "2010.10.17"]
[EventType "team-match"]
[EventRounds "9"]
[EventCountry "FRA"]
[Source "FFE"]
[SourceDate "2010.10.29"]
[WhiteTeamCountry "FRA"]
[BlackTeamCountry "FRA"]

1. e4 c5 2. Nf3 Nc6 3. d4 cxd4 4. Nxd4 e5 5. Nb5 d6 6. N1c3 a6 7. Na3 b5 8. Nd5
Nge7 9. Bg5 h6 10. Bh4 Qa5+ 11. c3 Nxd5 12. Qxd5 Qb6 13. Be2 Be6 14. Qd2 Be7
15. Bxe7 Nxe7 16. O-O O-O 17. Nc2 f5 18. exf5 Bxf5 19. a4 Rad8 20. axb5 axb5
21. Nb4 d5 22. Ra6 Qc5 23. Ra5 Bd7 24. Nd3 Qd6 25. Rfa1 Qf6 26. Bf1 Bc6 27. Nb4
d4 28. Qc2 dxc3 29. bxc3 Qf4 30. R1a2 Qg4 31. h3 Qf4 32. Nxc6 Nxc6 33. Rxb5 e4
34. Rb1 e3 35. fxe3 Qxe3+ 36. Kh1 Rf6 37. Qe2 Qxc3 38. Qc4+ Qxc4 39. Bxc4+ Kh7
40. Rb7 Ne5 41. Bb3 Nc6 42. Bc2+ Kg8 43. Be4 Rdf8 44. Rc7 Ne5 45. Raa7 Nf7 46.
Bd5 g5 47. Kh2 Kg7 48. Kg3 Kg6 49. Be4+ Kg7 50. Bd5 1/2-1/2

[Event "FRA T I 120102011"]
[Site "FRA"]
[Date "2010.10.17"]
[Round "1.5"]
[White "Gentilleau, Jean Philippe"]
[Black "Oliveira, Sancho"]
[Result "1-0"]
[WhiteElo "2182"]
[BlackElo "2239"]
[PlyCount "95"]
[EventDate "2010.10.17"]
[EventType "team-match"]
[EventRounds "9"]
[EventCountry "FRA"]
[Source "FFE"]
[SourceDate "2010.10.29"]
[WhiteTeamCountry "FRA"]
[BlackTeamCountry "FRA"]

1. e4 c5 2. Nf3 d6 3. d4 cxd4 4. Qxd4 a6 5. c4 Nc6 6. Qd2 Nf6 7. Nc3 g6 8. b3
Bg7 9. Bb2 Qa5 10. Nd5 Qxd2+ 11. Nxd2 O-O 12. Nxf6+ exf6 13. Bd3 Ne5 14. Bc2 b5
15. f4 Ng4 16. Bd3 Ne3 17. Kf2 bxc4 18. Nxc4 Nxc4 19. Bxc4 Bb7 20. Rhe1 Rfe8
21. Rad1 Rad8 22. Bd5 Re7 23. Bxb7 Rxb7 24. Re2 Rc7 25. Rd5 Rc6 26. Red2 Rdc8
27. Kf3 h6 28. Ke3 Rd8 29. Kd3 Rc5 30. Rxc5 dxc5+ 31. Ke2 Re8 32. Kf3 Re6 33.
Rd8+ Bf8 34. g4 Rc6 35. Ke2 Kg7 36. g5 hxg5 37. fxg5 Rd6 38. Bxf6+ Kg8 39. Ra8
Re6 40. e5 a5 41. Kd3 c4+ 42. bxc4 a4 43. Rxa4 Rb6 44. Ra8 Kh7 45. e6 Rd6+ 46.
Kc2 Rxe6 47. Rxf8 Re2+ 48. Kb3 1-0